Návrh na zlepšenie systému uvoľňovania zamestnancov : Diplomová práca

Enregistré dans:
Détails bibliographiques
Auteur principal: Strýčková, Michaela (Auteur)
Autres auteurs: Riedlmajer, Robert, 1966- (xxx)
Format: Manuscrit Livre
Langue:slovaque
Publié: Trnava : STU v Bratislave MtF KPIM, 2004
Sujets:
Tags: Ajouter un tag
Pas de tags, Soyez le premier à ajouter un tag!

MARC

LEADER 00000ntm a22000003a 4500
001 stu89386
005 20160719154704.7
008 040730s2004----xo------------------slo-d
040 |a STU  |b slo 
041 0 |a slo 
044 |a xo 
100 1 |a Strýčková, Michaela  |4 aut 
245 1 |a Návrh na zlepšenie systému uvoľňovania zamestnancov :  |b Diplomová práca 
260 |a Trnava :  |b STU v Bratislave MtF KPIM,  |c 2004 
300 |a 71 s  |c príl., CD 
650 7 |a priemyselné inžinierstvo a manažment  |2 stusub 
650 7 |a personalistika  |2 stusub 
700 1 |a Riedlmajer, Robert,  |d 1966-  |4 xxx  |u M1000  |U MTF Materiálovotechnologická fakulta  |T MTF Ústav materiálov  |X 235  |U M1000  |Y 81  |7 A000000235 
996 |b 284M060038  |c M*DP-5324  |l MMSKP  |s P  |a 0  |w stu89386_0001